00458nam a2200157 a 450000100100000000500170001000800410002702000180006804000250008608200160011111000270012724000180015424500710017226000370024330000200028000004662920201002053019.0180314s200- dr 000 0 spa d a9789945606096 aDO-SdBNPbspacBNPHU axxxxbR426L1 aRepública Dominicana10a[Leyes, etc.]10aLey No. 834-78 que otorga y modifica código procedimiento civil. aSanto Domingo :bDalis,c[s.f.]. a36 p. ;a22 cm.